| 000 -LEADER | |
|---|---|
| fixed length control field | 00427cam a22001694a 4500 |
| 020 ## - INTERNATIONAL STANDARD BOOK NUMBER | |
| ISBN | 9780495569435 |
| 050 00 - LIBRARY OF CONGRESS CALL NUMBER | |
| Classification number | TR882.5 |
| 100 1# - MAIN ENTRY--AUTHOR NAME | |
| Personal name | Zettl, Herbert. |
| 245 10 - TITLE STATEMENT | |
| Title | Video basics 6 / |
| 260 ## - PUBLICATION, DISTRIBUTION, ETC. (IMPRINT) | |
| Place of publication | Australia : |
| Name of publisher | Wadsworth/Cengage Learning, |
| Year of publication | c2010. |
| 300 ## - PHYSICAL DESCRIPTION | |
| Number of Pages | xxiv, 424 p. : |
| Other physical details | col. ill. ; |
| 500 ## - GENERAL NOTE | |
| General note | Includes index. |
| 650 #0 - SUBJECT ADDED ENTRY--TOPICAL TERM | |
| Topical Term | Television cameras. |
| Topical Term | Cinematography. |
| Topical Term | Television |
| 942 ## - ADDED ENTRY ELEMENTS (KOHA) | |
| Koha item type | Books |
| Koha item type | Collection code | Shelving location | Accession Number | Permanent Location | Current Location | Date acquired | Full call number |
|---|---|---|---|---|---|---|---|
| Books | Reference | Reference | 2129 | Chapman Library | Chapman Library | 2016-12-15 | TR882.5zet |

